00642nam a2200241 a 4500001001300000003000900013005001700022008004100039020000900080082001700089100001100106245003000117260004200147300001000189500003500199505001000234650001800244700001100262902000800273942000700281952009700288999001500385nice12345678IN_TiNIC20260116012853.0050524s1980 dela grp 000 0 eng  ac9500a297.09bALIS aAli, K aStudy of Islamic History. aDelhibIdarah-Iadabiyat-I Dellic1980 a369p. aincludes index and biblioraphy2 aIndex aIslam-History1 aAli, K bSRS cBK 00104070aHMIbHMId2009-12-14g95.00l0o297.09 ALISp010677r2009-12-14w2026-01-16yEB c8720d8720